TV Series Quick 7-to-1 Quiz Stats

 Plays Quiz Updated Jun 11, 2018

Challenge
Share
Tweet
Embed
Score 0/28 Timer 02:00
13 Plays Today
% Correct
Family Guy
97.6%
The Simpsons
97.4%
South Park
97.1%
Law & Order
95.9%
Daria
95.2%
NCIS
94.8%
Star Trek
93.7%
Grey’s Anatomy
93.5%
Wheel of Fortune
93.4%
The Price Is Right
93.2%
Stargate SG-1
92.9%
Jeopardy!
92.5%
ER
92.5%
King of the Hill
91.3%
% Correct
Family Feud
90.9%
Saturday Night Live
90.2%
Rick and Morty
89.3%
Doctor Who
89%
Quantum Leap
88.5%
Private Practice
87.8%
The Mentalist
86.6%
Vikings
85.4%
Bob's Burgers
83.9%
The Wire
83.1%
Castle
82.6%
Firefly
82.4%
Monk
82.2%
Key & Peele
81.3%

You're not logged in!

Compare scores with friends on all Sporcle quizzes.
OR
Log In

You Might Also Like...

Show Comments

Extras

Top Quizzes Today


Score Distribution

Your Account Isn't Verified!

In order to create a playlist on Sporcle, you need to verify the email address you used during registration. Go to your Sporcle Settings to finish the process.

Report this User

Report this user for behavior that violates our Community Guidelines.

Details: